| 000 | 00396nam a2200145Ia 4500 | ||
|---|---|---|---|
| 008 | 210210b1972 xxu||||| |||| 00| 0 eng d | ||
| 082 | _a954.03076 SIMP | ||
| 100 | _a- | ||
| 245 | _aSimple history of modern India. (from 1707 A.D. to the present day). Rev Ed 5. | ||
| 250 | _a | ||
| 260 |
_aDelhi. _bSurjeet Book Depot., _c1972 |
||
| 300 | _avi,230 | ||
| 690 | _aIndian History | ||
| 906 | _a030321 | ||
| 999 |
_c81495 _d81495 |
||